000
00283nam a2200133Ia 4500
008
260604s9999 xx 000 0 und d
020
_a
9789349842342
082
_a
823.8 GAS
100
_a
GASKELL
_9
35278
245
0
_a
MARY BARTON
260
_b
DPS
500
_a
Barton
942
_c
BK
999
_c
8043
_d
8043